| 000 | 00539nam a2200205Ia 4500 | ||
|---|---|---|---|
| 003 | GCL | ||
| 008 | 140319s9999 xx 000 0 eng d | ||
| 040 |
_aGCL / _cGCL |
||
| 082 | 0 | 4 |
_a820.8 _bC O |
| 100 | 1 | _aCRAIG, PATRICIA | |
| 245 | 1 | 0 |
_aTHE OXFORD BOOK OF SCHOOLDAYS / _cCRAIG, PATRICIA |
| 260 |
_a[S.N] : _bOXFORD UNIVERSITY PRESS ، _c1994 |
||
| 300 | _a430 P | ||
| 650 | 0 | 4 | _aENGLISH LITERATURE |
| 650 | 0 | 4 | _aSCHOOLS |
| 650 | 0 | 4 | _aEDUCATION |
| 650 | 0 | 4 | _aLITARARY COLLECTIONS |
| 650 | 0 | 4 | _aSCHOOL LITERATURE |
| 942 |
_2ddc _cBK |
||
| 999 |
_c24808 _d24808 |
||